000 00879cam a2200277 4500
001 27035
003 BD-RjUL
005 20211209051114.0
008 140324t19701969ii ab b 001 0 eng
035 _a(BD-RjUL)27106
040 _aDLC
_cDLC
_dDLC
_beng
041 _aeng
082 _a954.6
_bRAE 1970
100 1 _aRay, Sunil Chandra,
_d1924-
_983053
245 1 0 _aEarly history and culture of Kashmir /
_cWith a foreword by K. M. Panikkar.
250 _a[2d rev. ed.]
260 _aNew Delhi :
_bMunshiram Manoharlal,
_c1970, c1969
300 _axvi, 288 p. :
_bill. ;
_c22 cm.
350 _aRs35.00
500 _aA revision of the author's thesis, University of Calcutta; first published in 1957.
504 _aIncludes index
651 0 _aJammu and Kashmir (India)
_xCivilization.
_983054
942 _2ddc
_cBK
999 _c27035
_d27035